| 000 | 00491nam a2200157 i 4500 | ||
|---|---|---|---|
| 001 | 70284 | ||
| 003 | ES-MaACL | ||
| 005 | 20230906170757.0 | ||
| 007 | t| | ||
| 008 | 040721s1917 sp ||||1| spa d | ||
| 100 | 1 |
_aGarcía Rives, Angela. _955182 |
|
| 245 | 1 | 0 |
_aFernando VI y Doña Bárbara de Braganza (1748-1759) _b: apuntes sobre su reinado / _cpor Angela García Rives. |
| 260 |
_aMadrid : _bJulio Cosano, _c1917. |
||
| 300 |
_a182 p., 12 lám. ; _c22 cm. |
||
| 852 |
_aES-MaACL _jF-7136 |
||
| 999 |
_c70284 _d70284 |
||